| 000 | 00415nam a22001697a 4500 | ||
|---|---|---|---|
| 999 |
_c5160 _d5158 |
||
| 005 | 20210826110252.0 | ||
| 008 | 160702b xxu||||| |||| 00| 0 eng d | ||
| 020 | _a978-93-80298-98-6 | ||
| 041 | _aeng | ||
| 082 | _b20913 | ||
| 100 |
_aBanzal, Shashi _96692 |
||
| 245 | _aPHP, MYSQL, AND APACHE SERVER | ||
| 260 |
_bFirewall Media _c2015 |
||
| 300 | _a943 | ||
| 650 |
_aInformation Technolocy _93446 |
||
| 942 | _cBK | ||